000 00653nam a2200253Ia 4500
003 OSt
005 20221007105924.0
006 a|||||r|||| 00| 0
007 ta
008 221006b |||||||| |||| 00| 0 eng d
024 _a19,904
037 _cTextual
040 _aLCO
_cLCO
_beng
041 _2eng
_aeng
082 _aZ2,181, L1
100 _aBhandari M.C
245 0 _aGuide to Company Law Procedure
250 _a2nd
260 _aCalcutta
_bBhandari Publication India
_c1971
300 _a164
650 _aCOMPANY LAW PROCEDURE
_9706964
942 _hZ2,181, L1
_cTEXL
999 _c1189467
_d1189467